| 000 | 01603nam0a2200397 4500 | ||
|---|---|---|---|
| 001 | RU\NLR\bibl\244191 | ||
| 005 | 20250619114707.0 | ||
| 010 |
_a5-224-02123-5 _bВ пер. _93000 |
||
| 021 |
_aRU _b2001-44271 _92113 |
||
| 035 | _a(NLR Aleph) 000240055 | ||
| 090 |
_a1398883 _c1398883 |
||
| 100 | _a20020305d2001 |||y0rusy50 ca | ||
| 101 | 0 | _arus | |
| 102 | _aRU | ||
| 105 | _ay ||||||||| | ||
| 200 | 1 |
_aАнтология философии средних веков и эпохи Возрождения _f[Сост., авт. предисл. С. В. Перевезенцев] |
|
| 210 |
_aМ. _cОЛМА-пресс _d2001 |
||
| 215 |
_a447 с. _d27 |
||
| 225 | 1 | _aСерия "Мировая философия" | |
| 606 | 0 |
_aСоциальная философия _jХрестоматии _yУкраина _91005676 _3RU\NLR\auth\6664358 |
|
| 606 | 0 |
_aФилософия _jХрестоматии _z14 - 17 вв. _91313539 _3RU\NLR\auth\66228681 |
|
| 610 | 0 | _aПатристика - Хрестоматии | |
| 610 | 0 | _aСредневековая философия - Хрестоматии | |
| 610 | 0 | _aФилософия эпохи Возрождения - Хрестоматии | |
| 675 |
_a1(091)"653"(082.2) _v3 _zrus |
||
| 686 |
_a02 _2rugasnti |
||
| 686 |
_a87.3я73 _2rubbk |
||
| 686 | _aЮ3(0)41я7-3 | ||
| 686 | _aЮ3(0)5я7-3 | ||
| 701 | 1 |
_aПеревезенцев _bС. В. _gСергей Вячеславович _4070 |
|
| 801 | 0 |
_aRU _bRKP _c20020305 _gPSBO |
|
| 801 | 1 |
_aRU _bRKP _c20020305 |
|
| 801 | 2 |
_aRU _bNLR _c20020515 _grcr |
|
| 942 | _cBOOK | ||
| 980 | _aNB | ||